[Event "DEM U12 2021"]
[Site "Willingen GER"]
[Date "2021.08.28"]
[Round "8"]
[White "Malinowsky, Levi"]
[Black "Haubold, Sebastian Marcel"]
[Result "0-1"]
[Termination "normal"]
[Board "2"]
[WhiteElo "1593"]
[BlackElo "1813"]
[WhiteClock "00:16:47"]
[BlackClock "00:04:53"]
[PlyCount "210"]
[WhiteFideId "16253094"]
[BlackFideId "16259637"]
[EventCountry "GER"]
[EventRounds "9"]
[EventType "swiss"]
[EventDate "2021.08.22"]

1. e4 {[%clk 01:30:55]} {[%emt 00:00:04]} e5 {[%clk 01:30:53]} {[%emt
00:00:07]} 2. Nf3 {[%clk 01:31:12]} {[%emt 00:00:13]} Nc6 {[%clk 01:31:18]}
{[%emt 00:00:05]} 3. Bb5 {[%clk 01:31:23]} {[%emt 00:00:19]} a6 {[%clk
01:31:42]} {[%emt 00:00:07]} 4. Ba4 {[%clk 01:31:41]} {[%emt 00:00:11]} Nf6
{[%clk 01:32:06]} {[%emt 00:00:06]} 5. O-O {[%clk 01:31:29]} {[%emt 00:00:41]}
Be7 {[%clk 01:32:19]} {[%emt 00:00:18]} 6. Re1 {[%clk 01:31:03]} {[%emt
00:00:57]} b5 {[%clk 01:32:34]} {[%emt 00:00:16]} 7. Bb3 {[%clk 01:31:07]}
{[%emt 00:00:26]} O-O {[%clk 01:32:26]} {[%emt 00:00:37]} 8. c3 {[%clk
01:29:08]} {[%emt 00:02:29]} d5 {[%clk 01:32:01]} {[%emt 00:00:56]} 9. exd5
{[%clk 01:23:47]} {[%emt 00:05:51]} Nxd5 {[%clk 01:31:14]} {[%emt 00:01:16]}
10. h3 {[%clk 01:22:44]} {[%emt 00:01:32]} Bb7 {[%clk 01:27:17]} {[%emt
00:04:27]} 11. d3 {[%clk 01:18:06]} {[%emt 00:05:08]} Qd6 {[%clk 01:19:32]}
{[%emt 00:08:16]} 12. Nbd2 {[%clk 01:12:32]} {[%emt 00:06:04]} Nf4 {[%clk
01:18:10]} {[%emt 00:01:52]} 13. Ne4 {[%clk 01:05:17]} {[%emt 00:07:45]} Qg6
{[%clk 01:08:56]} {[%emt 00:09:43]} 14. Bxf4 {[%clk 01:03:29]} {[%emt
00:02:18]} exf4 {[%clk 01:09:18]} {[%emt 00:00:08]} 15. d4 {[%clk 01:00:48]}
{[%emt 00:03:11]} Rad8 {[%clk 00:53:51]} {[%emt 00:15:57]} 16. Bc2 {[%clk
00:57:49]} {[%emt 00:03:28]} f5 {[%clk 00:51:58]} {[%emt 00:02:24]} 17. Bb3+
{[%clk 00:56:47]} {[%emt 00:01:32]} Kh8 {[%clk 00:52:18]} {[%emt 00:00:10]} 18.
Ned2 {[%clk 00:55:14]} {[%emt 00:02:03]} Bf6 {[%clk 00:46:01]} {[%emt
00:06:47]} 19. Re6 {[%clk 00:50:53]} {[%emt 00:04:50]} Na5 {[%clk 00:39:39]}
{[%emt 00:06:53]} 20. Bc2 {[%clk 00:44:01]} {[%emt 00:07:22]} Bc8 {[%clk
00:36:29]} {[%emt 00:03:39]} 21. Re2 {[%clk 00:41:00]} {[%emt 00:03:28]} Rfe8
{[%clk 00:33:55]} {[%emt 00:03:07]} 22. b4 {[%clk 00:38:30]} {[%emt 00:03:01]}
Nb7 {[%clk 00:32:47]} {[%emt 00:01:38]} 23. Rxe8+ {[%clk 00:33:03]} {[%emt
00:05:57]} Qxe8 {[%clk 00:31:19]} {[%emt 00:01:58]} 24. Bd3 {[%clk 00:31:12]}
{[%emt 00:02:21]} c5 {[%clk 00:29:17]} {[%emt 00:02:32]} 25. Qc2 {[%clk
00:28:55]} {[%emt 00:02:46]} Qd7 {[%clk 00:28:46]} {[%emt 00:01:01]} 26. Re1
{[%clk 00:27:56]} {[%emt 00:01:29]} cxd4 {[%clk 00:24:50]} {[%emt 00:04:26]}
27. cxd4 {[%clk 00:28:09]} {[%emt 00:00:18]} Bxd4 {[%clk 00:24:45]} {[%emt
00:00:35]} 28. Ne5 {[%clk 00:27:25]} {[%emt 00:01:14]} Bxe5 {[%clk 00:24:30]}
{[%emt 00:00:45]} 29. Rxe5 {[%clk 00:27:48]} {[%emt 00:00:07]} Nd6 {[%clk
00:15:29]} {[%emt 00:09:31]} 30. Nb3 {[%clk 00:26:03]} {[%emt 00:02:16]} g6
{[%clk 00:12:32]} {[%emt 00:03:27]} 31. Nc5 {[%clk 00:22:32]} {[%emt 00:04:00]}
Qg7 {[%clk 00:12:30]} {[%emt 00:00:32]} 32. Re1 {[%clk 00:17:53]} {[%emt
00:05:08]} Re8 {[%clk 00:10:51]} {[%emt 00:02:10]} 33. Rd1 {[%clk 00:16:51]}
{[%emt 00:01:32]} Qe5 {[%clk 00:08:31]} {[%emt 00:02:50]} 34. Bf1 {[%clk
00:15:39]} {[%emt 00:01:42]} Kg7 {[%clk 00:05:11]} {[%emt 00:03:50]} 35. Nd3
{[%clk 00:13:03]} {[%emt 00:03:07]} Qd4 {[%clk 00:03:35]} {[%emt 00:02:05]} 36.
Nc5 {[%clk 00:09:54]} {[%emt 00:03:40]} Qf6 {[%clk 00:03:32]} {[%emt 00:00:32]}
37. a4 {[%clk 00:06:45]} {[%emt 00:03:40]} Re7 {[%clk 00:02:08]} {[%emt
00:01:54]} 38. axb5 {[%clk 00:06:46]} {[%emt 00:00:29]} axb5 {[%emt 00:00:09]}
39. Qd2 {[%clk 00:05:56]} {[%emt 00:01:19]} Ne4 {[%clk 00:02:02]} {[%emt
00:00:57]} 40. Qxf4 {[%clk 00:05:31]} {[%emt 00:00:55]} g5 {[%clk 00:01:48]}
{[%emt 00:00:43]} 41. Nxe4 {[%clk 00:05:09]} {[%emt 00:00:53]} fxe4 {[%clk
00:01:15]} {[%emt 00:01:03]} 42. Qe3 {[%clk 00:02:56]} {[%emt 00:02:42]} Bd7
{[%clk 00:30:02]} {[%emt 00:01:43]} 43. Rd5 {[%clk 00:32:22]} {[%emt 00:01:05]}
h6 {[%clk 00:26:39]} {[%emt 00:03:53]} 44. Bxb5 {[%clk 00:30:22]} {[%emt
00:02:30]} Bxb5 {[%clk 00:26:05]} {[%emt 00:01:05]} 45. Rxb5 {[%clk 00:30:42]}
{[%emt 00:00:10]} Kg6 {[%clk 00:22:59]} {[%emt 00:03:37]} 46. Rb6 {[%clk
00:30:52]} {[%emt 00:00:21]} Re6 {[%clk 00:23:28]} 47. Rxe6 {[%clk 00:30:51]}
{[%emt 00:00:31]} Qxe6 {[%clk 00:23:55]} {[%emt 00:00:02]} 48. f3 {[%clk
00:30:37]} {[%emt 00:00:45]} Qd6 {[%clk 00:23:47]} {[%emt 00:00:37]} 49. Qxe4+
{[%clk 00:30:59]} {[%emt 00:00:08]} Kf6 {[%clk 00:24:10]} {[%emt 00:00:06]} 50.
Qc4 {[%clk 00:27:57]} {[%emt 00:03:32]} Qd1+ {[%clk 00:24:20]} {[%emt
00:00:20]} 51. Kf2 {[%clk 00:28:15]} {[%emt 00:00:13]} Qd2+ {[%clk 00:24:34]}
{[%emt 00:00:15]} 52. Kg3 {[%clk 00:27:19]} {[%emt 00:01:27]} h5 {[%clk
00:23:17]} {[%emt 00:01:46]} 53. f4 {[%clk 00:24:08]} {[%emt 00:03:42]} Qe3+
{[%clk 00:22:41]} {[%emt 00:01:05]} 54. Kh2 {[%clk 00:24:23]} {[%emt 00:00:14]}
gxf4 {[%clk 00:22:54]} {[%emt 00:00:18]} 55. Qc6+ {[%clk 00:23:57]} {[%emt
00:00:56]} Kg7 {[%clk 00:19:52]} {[%emt 00:03:32]} 56. Qf3 {[%clk 00:22:14]}
{[%emt 00:02:12]} Qe5 {[%clk 00:19:03]} {[%emt 00:01:19]} 57. h4 {[%clk
00:20:27]} {[%emt 00:02:17]} Qf5 {[%clk 00:15:55]} {[%emt 00:03:38]} 58. Qh3
{[%clk 00:18:41]} {[%emt 00:02:16]} Qe5 {[%clk 00:15:13]} {[%emt 00:01:11]} 59.
Qd7+ {[%clk 00:18:02]} {[%emt 00:01:09]} Kg6 {[%clk 00:15:08]} {[%emt
00:00:35]} 60. Qd3+ {[%clk 00:16:31]} {[%emt 00:02:01]} Kh6 {[%clk 00:14:10]}
{[%emt 00:01:27]} 61. Qd2 {[%clk 00:15:28]} {[%emt 00:01:31]} Kg6 {[%clk
00:14:21]} {[%emt 00:00:22]} 62. Kg1 {[%clk 00:15:18]} {[%emt 00:00:40]} Kf5
{[%clk 00:11:53]} {[%emt 00:02:58]} 63. Kf2 {[%clk 00:15:01]} {[%emt 00:00:48]}
Qb5 {[%clk 00:09:58]} {[%emt 00:02:25]} 64. Qd4 {[%clk 00:15:03]} {[%emt
00:00:26]} Qb8 {[%clk 00:06:54]} {[%emt 00:03:35]} 65. Qc5+ {[%clk 00:15:19]}
{[%emt 00:00:15]} Ke4 {[%clk 00:06:29]} {[%emt 00:00:55]} 66. b5 {[%clk
00:15:17]} {[%emt 00:00:32]} Qd8 {[%clk 00:05:48]} {[%emt 00:01:10]} 67. Qc2+
{[%clk 00:14:51]} {[%emt 00:00:56]} Ke5 {[%clk 00:06:00]} {[%emt 00:00:19]} 68.
Qe2+ {[%clk 00:15:00]} {[%emt 00:00:20]} Kf6 {[%clk 00:06:18]} {[%emt
00:00:12]} 69. Kg1 {[%clk 00:14:04]} {[%emt 00:01:26]} Qb6+ {[%clk 00:05:14]}
{[%emt 00:01:34]} 70. Kh2 {[%clk 00:14:13]} {[%emt 00:00:20]} Qd6 {[%clk
00:05:17]} {[%emt 00:00:28]} 71. Qf3 {[%clk 00:14:03]} {[%emt 00:00:41]} Kg7
{[%clk 00:04:31]} {[%emt 00:01:16]} 72. Qc3+ {[%clk 00:14:25]} {[%emt
00:00:08]} Kf7 {[%clk 00:04:48]} {[%emt 00:00:13]} 73. Qc6 {[%clk 00:13:53]}
{[%emt 00:01:02]} Qb8 {[%clk 00:04:09]} {[%emt 00:01:09]} 74. b6 {[%clk
00:13:22]} {[%emt 00:01:02]} f3+ {[%clk 00:04:05]} {[%emt 00:00:34]} 75. Kg1
{[%clk 00:13:25]} {[%emt 00:00:27]} Kg8 {[%clk 00:04:06]} {[%emt 00:00:29]} 76.
Qc7 {[%clk 00:12:51]} {[%emt 00:01:04]} f2+ {[%clk 00:04:09]} {[%emt 00:00:26]}
77. Kf1 {[%clk 00:12:52]} {[%emt 00:00:29]} Qe8 {[%clk 00:04:22]} {[%emt
00:00:16]} 78. Kxf2 {[%clk 00:13:00]} {[%emt 00:00:23]} Qa4 {[%clk 00:04:19]}
{[%emt 00:00:33]} 79. b7 {[%clk 00:13:07]} {[%emt 00:00:24]} Qd4+ {[%clk
00:04:35]} {[%emt 00:00:14]} 80. Kf3 {[%clk 00:12:35]} {[%emt 00:01:02]} Qd3+
{[%clk 00:04:06]} {[%emt 00:00:57]} 81. Kf4 {[%clk 00:12:45]} {[%emt 00:00:21]}
Qd4+ {[%clk 00:04:29]} {[%emt 00:00:07]} 82. Kf5 {[%clk 00:12:51]} {[%emt
00:00:25]} Qg4+ {[%clk 00:04:46]} {[%emt 00:00:12]} 83. Kf6 {[%clk 00:12:36]}
{[%emt 00:00:46]} Qxh4+ {[%clk 00:04:33]} {[%emt 00:00:43]} 84. Ke6 {[%clk
00:12:47]} {[%emt 00:00:19]} Qg4+ {[%clk 00:04:24]} {[%emt 00:00:39]} 85. Ke7
{[%clk 00:12:50]} {[%emt 00:00:27]} Qg7+ {[%clk 00:03:51]} {[%emt 00:01:02]}
86. Kd8 {[%clk 00:13:10]} {[%emt 00:00:10]} Qf8+ {[%clk 00:03:56]} {[%emt
00:00:25]} 87. Kd7 {[%clk 00:13:31]} {[%emt 00:00:10]} Qf5+ {[%clk 00:04:17]}
{[%emt 00:00:08]} 88. Kc6 {[%clk 00:13:47]} {[%emt 00:00:15]} Qc2+ {[%clk
00:03:52]} {[%emt 00:00:54]} 89. Kb6 {[%clk 00:14:05]} {[%emt 00:00:12]} Qb2+
{[%clk 00:04:12]} {[%emt 00:00:10]} 90. Ka7 {[%clk 00:14:23]} {[%emt 00:00:13]}
Qa2+ {[%clk 00:04:16]} {[%emt 00:00:26]} 91. Kb8 {[%clk 00:14:45]} {[%emt
00:00:07]} Qxg2 {[%clk 00:04:04]} {[%emt 00:00:41]} 92. Qc4 {[%clk 00:14:23]}
{[%emt 00:00:53]} Kh7 {[%clk 00:03:35]} {[%emt 00:00:59]} 93. Qf7+ {[%clk
00:13:46]} {[%emt 00:01:05]} Kh6 {[%clk 00:03:57]} {[%emt 00:00:09]} 94. Qf6+
{[%clk 00:14:10]} {[%emt 00:00:06]} Kh7 {[%clk 00:04:14]} {[%emt 00:00:14]} 95.
Qf5+ {[%clk 00:14:30]} {[%emt 00:00:11]} Kh6 {[%clk 00:04:12]} {[%emt
00:00:31]} 96. Qe6+ {[%clk 00:14:27]} {[%emt 00:00:33]} Kh7 {[%clk 00:03:55]}
{[%emt 00:00:46]} 97. Kc7 {[%clk 00:14:41]} {[%emt 00:00:18]} Qc2+ {[%clk
00:04:09]} {[%emt 00:00:15]} 98. Kd8 {[%clk 00:14:44]} {[%emt 00:00:27]} Qb2
{[%clk 00:03:55]} {[%emt 00:00:44]} 99. Qf7+ {[%clk 00:14:36]} {[%emt
00:00:35]} Kh8 {[%clk 00:04:04]} {[%emt 00:00:25]} 100. Qxh5 {[%clk 00:14:59]}
{[%emt 00:00:08]} Kg7 {[%clk 00:04:10]} {[%emt 00:00:23]} 101. Qg4+ {[%clk
00:15:20]} {[%emt 00:00:09]} Kh8 {[%clk 00:04:05]} {[%emt 00:00:34]} 102. Qh4
{[%clk 00:15:43]} {[%emt 00:00:09]} Kg7 {[%clk 00:04:02]} {[%emt 00:00:32]}
103. Qg3+ {[%clk 00:16:05]} {[%emt 00:00:09]} Kf7 {[%clk 00:04:28]} {[%emt
00:00:04]} 104. Qc7+ {[%clk 00:16:24]} {[%emt 00:00:11]} Ke6 {[%clk 00:04:45]}
{[%emt 00:00:13]} 105. b8=Q {[%clk 00:16:47]} {[%emt 00:00:07]} Qh8# {[%clk
00:04:53]} {[%emt 00:00:06]} 0-1

[Event "DEM U12 2021"]
[Site "Willingen GER"]
[Date "2021.08.28"]
[Round "8"]
[White "Klaska, Philipp Leon"]
[Black "Neuhoff, Laertes"]
[Result "1-0"]
[Termination "normal"]
[Board "3"]
[WhiteElo "1742"]
[BlackElo "1847"]
[WhiteClock "00:30:56"]
[BlackClock "00:20:58"]
[PlyCount "97"]
[WhiteFideId "16238044"]
[BlackFideId "16279719"]
[EventCountry "GER"]
[EventRounds "9"]
[EventType "swiss"]
[EventDate "2021.08.22"]

1. d4 {[%clk 01:30:56]} {[%emt 00:00:03]} d5 {[%clk 01:30:51]} {[%emt
00:00:10]} 2. Nf3 {[%clk 01:31:10]} {[%emt 00:00:16]} Nf6 {[%clk 01:30:35]}
{[%emt 00:00:45]} 3. c4 {[%clk 01:31:07]} {[%emt 00:00:33]} e6 {[%clk
01:30:52]} {[%emt 00:00:13]} 4. g3 {[%clk 01:30:33]} {[%emt 00:01:04]} dxc4
{[%clk 01:30:07]} {[%emt 00:01:15]} 5. Bg2 {[%clk 01:29:21]} {[%emt 00:01:43]}
Bb4+ {[%clk 01:29:05]} {[%emt 00:01:32]} 6. Bd2 {[%clk 01:28:26]} {[%emt
00:01:25]} a5 {[%clk 01:28:15]} {[%emt 00:01:20]} 7. Qc2 {[%clk 01:26:24]}
{[%emt 00:02:31]} b5 {[%clk 01:14:14]} {[%emt 00:14:31]} 8. a4 {[%clk
01:21:55]} {[%emt 00:04:59]} Bxd2+ {[%clk 00:47:21]} {[%emt 00:27:24]} 9. Nfxd2
{[%clk 01:15:57]} {[%emt 00:06:28]} Ra7 {[%clk 00:38:20]} {[%emt 00:09:31]} 10.
Nc3 {[%clk 01:04:53]} {[%emt 00:11:33]} Bb7 {[%clk 00:32:39]} {[%emt 00:06:11]}
11. O-O {[%clk 00:53:59]} {[%emt 00:11:24]} Bxg2 {[%clk 00:28:01]} {[%emt
00:05:08]} 12. Kxg2 {[%clk 00:53:39]} {[%emt 00:00:50]} b4 {[%clk 00:27:12]}
{[%emt 00:01:19]} 13. Nb5 {[%clk 00:50:04]} {[%emt 00:04:04]} Ra6 {[%clk
00:26:15]} {[%emt 00:01:27]} 14. Nxc4 {[%clk 00:45:15]} {[%emt 00:05:20]} O-O
{[%clk 00:23:26]} {[%emt 00:03:19]} 15. e4 {[%clk 00:39:42]} {[%emt 00:06:01]}
Qe7 {[%clk 00:15:11]} {[%emt 00:08:46]} 16. Rac1 {[%clk 00:32:29]} {[%emt
00:07:41]} Rd8 {[%clk 00:11:46]} {[%emt 00:03:58]} 17. e5 {[%clk 00:27:57]}
{[%emt 00:05:03]} Nd5 {[%clk 00:11:55]} {[%emt 00:00:20]} 18. Ne3 {[%clk
00:24:09]} {[%emt 00:04:17]} Nc6 {[%clk 00:08:34]} {[%emt 00:03:53]} 19. Qc5
{[%clk 00:20:48]} {[%emt 00:03:47]} Qd7 {[%clk 00:04:00]} {[%emt 00:05:08]} 20.
Nxd5 {[%clk 00:17:04]} {[%emt 00:04:14]} exd5 {[%clk 00:04:24]} {[%emt
00:00:06]} 21. Qc2 {[%clk 00:15:46]} {[%emt 00:01:46]} Rc8 {[%clk 00:03:22]}
{[%emt 00:01:33]} 22. Qd3 {[%clk 00:14:24]} {[%emt 00:01:50]} Rb6 {[%clk
00:03:01]} {[%emt 00:00:54]} 23. Rc5 {[%clk 00:13:26]} {[%emt 00:01:27]} Nd8
{[%clk 00:02:25]} {[%emt 00:01:07]} 24. Qf3 {[%clk 00:11:14]} {[%emt 00:02:40]}
c6 {[%clk 00:02:11]} {[%emt 00:00:45]} 25. Nd6 {[%clk 00:10:58]} {[%emt
00:00:46]} Ra8 {[%clk 00:02:09]} {[%emt 00:00:31]} 26. Rcc1 {[%clk 00:09:23]}
{[%emt 00:02:05]} Nb7 {[%clk 00:01:45]} {[%emt 00:00:55]} 27. Nxb7 {[%clk
00:08:59]} {[%emt 00:00:55]} Rxb7 {[%clk 00:01:51]} {[%emt 00:00:24]} 28. Rc5
{[%clk 00:08:36]} {[%emt 00:00:52]} Ra6 {[%clk 00:01:38]} {[%emt 00:00:43]} 29.
Rfc1 {[%clk 00:08:28]} {[%emt 00:00:37]} h6 {[%clk 00:01:05]} {[%emt 00:01:04]}
30. Qd3 {[%clk 00:08:09]} {[%emt 00:00:49]} Rbb6 {[%clk 00:01:28]} {[%emt
00:00:08]} 31. b3 {[%clk 00:07:36]} {[%emt 00:01:03]} g6 {[%clk 00:01:21]}
{[%emt 00:00:37]} 32. Qf3 {[%clk 00:07:25]} {[%emt 00:00:40]} Qf5 {[%clk
00:01:11]} {[%emt 00:00:41]} 33. Qxf5 {[%clk 00:07:15]} {[%emt 00:00:40]} gxf5
{[%clk 00:01:40]} {[%emt 00:00:01]} 34. h4 {[%clk 00:07:16]} {[%emt 00:00:29]}
h5 {[%clk 00:01:42]} {[%emt 00:00:28]} 35. Kf3 {[%clk 00:07:33]} {[%emt
00:00:14]} Kg7 {[%clk 00:02:05]} {[%emt 00:00:06]} 36. Kf4 {[%clk 00:07:25]}
{[%emt 00:00:38]} Kg6 {[%clk 00:02:29]} {[%emt 00:00:06]} 37. f3 {[%clk
00:07:20]} {[%emt 00:00:36]} f6 {[%clk 00:01:57]} {[%emt 00:01:01]} 38. e6
{[%clk 00:06:39]} {[%emt 00:01:10]} Rb7 {[%clk 00:01:10]} {[%emt 00:01:18]} 39.
Rxc6 {[%clk 00:06:13]} {[%emt 00:00:56]} Rxc6 {[%clk 00:01:33]} {[%emt
00:00:05]} 40. Rxc6 {[%clk 00:06:23]} {[%emt 00:00:06]} Re7 {[%clk 00:01:10]}
{[%emt 00:01:08]} 41. Ra6 {[%clk 00:05:10]} {[%emt 00:01:43]} Re8 {[%clk
00:25:21]} {[%emt 00:06:19]} 42. Rxa5 {[%clk 00:32:10]} {[%emt 00:03:30]} Rxe6
{[%clk 00:25:37]} {[%emt 00:00:14]} 43. Rxd5 {[%clk 00:31:22]} {[%emt
00:01:18]} Rc6 {[%clk 00:21:56]} {[%emt 00:04:12]} 44. Rb5 {[%clk 00:30:15]}
{[%emt 00:01:35]} Rc3 {[%clk 00:19:55]} {[%emt 00:02:32]} 45. Rxb4 {[%clk
00:30:17]} {[%emt 00:00:29]} Rd3 {[%clk 00:19:53]} {[%emt 00:00:32]} 46. a5
{[%clk 00:30:24]} {[%emt 00:00:24]} Rc3 {[%clk 00:20:08]} {[%emt 00:00:15]} 47.
a6 {[%clk 00:30:37]} {[%emt 00:00:17]} Rc7 {[%clk 00:20:33]} {[%emt 00:00:04]}
48. Ra4 {[%clk 00:30:54]} {[%emt 00:00:14]} Ra7 {[%clk 00:20:58]} {[%emt
00:00:05]} 49. b4 {[%clk 00:30:56]} {[%emt 00:00:28]} 1-0

[Event "DEM U12 2021"]
[Site "Willingen GER"]
[Date "2021.08.28"]
[Round "8"]
[White "Sauer, Tim"]
[Black "Haubold, Christian Lucas"]
[Result "1/2-1/2"]
[Termination "normal"]
[Board "4"]
[WhiteElo "1810"]
[BlackElo "1649"]
[WhiteClock "00:09:18"]
[BlackClock "00:13:03"]
[PlyCount "104"]
[WhiteFideId "16265726"]
[BlackFideId "16259629"]
[EventCountry "GER"]
[EventRounds "9"]
[EventType "swiss"]
[EventDate "2021.08.22"]

1. e4 {[%clk 01:30:59]} {[%emt 00:00:01]} e5 {[%clk 01:30:50]} {[%emt
00:00:10]} 2. Nf3 {[%clk 01:31:24]} {[%emt 00:00:04]} Nc6 {[%clk 01:31:10]}
{[%emt 00:00:10]} 3. Bc4 {[%clk 01:31:49]} {[%emt 00:00:04]} Bc5 {[%clk
01:31:32]} {[%emt 00:00:08]} 4. c3 {[%clk 01:32:00]} {[%emt 00:00:20]} Nf6
{[%clk 01:31:49]} {[%emt 00:00:13]} 5. d4 {[%clk 01:32:22]} {[%emt 00:00:08]}
exd4 {[%clk 01:32:06]} {[%emt 00:00:13]} 6. b4 {[%clk 01:32:28]} {[%emt
00:00:24]} Bb6 {[%clk 01:24:51]} {[%emt 00:07:46]} 7. e5 {[%clk 01:31:37]}
{[%emt 00:01:21]} d5 {[%clk 01:14:34]} {[%emt 00:10:46]} 8. exf6 {[%clk
01:31:39]} {[%emt 00:00:28]} dxc4 {[%clk 01:14:55]} {[%emt 00:00:09]} 9. Qe2+
{[%clk 01:31:52]} {[%emt 00:00:16]} Be6 {[%clk 01:14:17]} {[%emt 00:01:09]} 10.
b5 {[%clk 01:32:01]} {[%emt 00:00:21]} Na5 {[%clk 01:09:17]} {[%emt 00:05:29]}
11. fxg7 {[%clk 01:31:58]} {[%emt 00:00:33]} Rg8 {[%clk 01:09:37]} {[%emt
00:00:11]} 12. cxd4 {[%clk 01:25:39]} {[%emt 00:06:49]} Qd7 {[%clk 01:04:43]}
{[%emt 00:05:24]} 13. Nc3 {[%clk 00:43:41]} {[%emt 00:42:27]} O-O-O {[%clk
01:02:49]} {[%emt 00:02:24]} 14. Be3 {[%clk 00:42:22]} {[%emt 00:01:50]} Rxg7
{[%clk 01:01:53]} {[%emt 00:01:26]} 15. Rg1 {[%clk 00:37:05]} {[%emt 00:05:46]}
Bg4 {[%clk 00:55:44]} {[%emt 00:06:39]} 16. O-O-O {[%clk 00:31:37]} {[%emt
00:05:58]} Qd6 {[%clk 00:38:23]} {[%emt 00:17:52]} 17. Ne4 {[%clk 00:25:19]}
{[%emt 00:06:48]} Qxh2 {[%clk 00:35:44]} {[%emt 00:03:09]} 18. Ng3 {[%clk
00:18:12]} {[%emt 00:07:36]} Bxf3 {[%clk 00:27:03]} {[%emt 00:09:12]} 19. Qxf3
{[%clk 00:14:56]} {[%emt 00:03:47]} Qh4 {[%clk 00:24:35]} {[%emt 00:02:57]} 20.
Nf5 {[%clk 00:13:08]} {[%emt 00:02:17]} Qg4 {[%clk 00:24:11]} {[%emt 00:00:55]}
21. Nxg7 {[%clk 00:13:15]} {[%emt 00:00:22]} Qxg7 {[%clk 00:24:33]} {[%emt
00:00:08]} 22. Qf5+ {[%clk 00:11:48]} {[%emt 00:01:57]} Kb8 {[%clk 00:24:50]}
{[%emt 00:00:12]} 23. Qe4 {[%clk 00:04:00]} {[%emt 00:08:17]} Qf8 {[%clk
00:24:02]} {[%emt 00:01:19]} 24. Qc2 {[%clk 00:04:13]} {[%emt 00:00:17]} Rd5
{[%clk 00:23:26]} {[%emt 00:01:06]} 25. Qa4 {[%clk 00:03:01]} {[%emt 00:01:42]}
Qe8 {[%clk 00:22:17]} {[%emt 00:01:39]} 26. Rh1 {[%clk 00:01:43]} {[%emt
00:01:48]} h5 {[%clk 00:22:11]} {[%emt 00:00:36]} 27. Rhe1 {[%clk 00:00:59]}
{[%emt 00:01:14]} Qd7 {[%clk 00:21:39]} {[%emt 00:01:02]} 28. Qc2 {[%clk
00:00:42]} {[%emt 00:00:46]} Qxb5 {[%clk 00:21:15]} {[%emt 00:00:54]} 29. Bd2
{[%clk 00:00:52]} {[%emt 00:00:20]} a6 {[%clk 00:19:02]} {[%emt 00:02:43]} 30.
Bxa5 {[%clk 00:01:11]} {[%emt 00:00:11]} Qxa5 {[%clk 00:18:05]} {[%emt
00:01:27]} 31. Re4 {[%clk 00:00:37]} {[%emt 00:01:04]} c5 {[%clk 00:12:26]}
{[%emt 00:06:09]} 32. dxc5 {[%clk 00:00:48]} {[%emt 00:00:18]} Qa3+ {[%clk
00:11:19]} {[%emt 00:01:37]} 33. Kb1 {[%clk 00:01:08]} {[%emt 00:00:09]} Rxd1+
{[%clk 00:09:59]} {[%emt 00:01:50]} 34. Qxd1 {[%clk 00:01:35]} {[%emt
00:00:04]} Qxc5 {[%clk 00:08:49]} {[%emt 00:01:40]} 35. Qc2 {[%clk 00:01:18]}
{[%emt 00:00:47]} Qb5+ {[%clk 00:08:05]} {[%emt 00:01:14]} 36. Qb2 {[%clk
00:01:11]} {[%emt 00:00:37]} Qf5 {[%clk 00:07:58]} {[%emt 00:00:37]} 37. Qc2
{[%clk 00:01:18]} {[%emt 00:00:22]} Qb5+ {[%clk 00:08:08]} {[%emt 00:00:20]}
38. Ka1 {[%clk 00:00:37]} {[%emt 00:01:12]} Bc7 {[%clk 00:08:05]} {[%emt
00:00:33]} 39. Qb2 {[%clk 00:00:34]} {[%emt 00:00:33]} Qd5 {[%clk 00:05:33]}
{[%emt 00:03:02]} 40. Qh8+ {[%clk 00:00:42]} {[%emt 00:00:22]} Ka7 {[%clk
00:05:38]} {[%emt 00:00:25]} 41. f3 {[%clk 00:16:48]} {[%emt 00:14:23]} Qd1+
{[%clk 00:35:00]} {[%emt 00:01:09]} 42. Kb2 {[%clk 00:17:04]} {[%emt 00:00:15]}
Qd2+ {[%clk 00:34:41]} {[%emt 00:00:49]} 43. Kb1 {[%clk 00:17:22]} {[%emt
00:00:11]} Qd1+ {[%clk 00:34:01]} {[%emt 00:01:11]} 44. Kb2 {[%clk 00:17:46]}
{[%emt 00:00:06]} Qd2+ {[%clk 00:27:46]} {[%emt 00:06:44]} 45. Kb1 {[%clk
00:17:53]} {[%emt 00:00:22]} Qd3+ {[%clk 00:27:20]} {[%emt 00:00:57]} 46. Kb2
{[%clk 00:15:11]} {[%emt 00:03:12]} f5 {[%clk 00:24:30]} {[%emt 00:03:20]} 47.
Re8 {[%clk 00:11:42]} {[%emt 00:03:58]} Qd2+ {[%clk 00:23:24]} {[%emt
00:01:37]} 48. Kb1 {[%clk 00:11:54]} {[%emt 00:00:17]} c3 {[%clk 00:23:23]}
{[%emt 00:00:32]} 49. Ra8+ {[%clk 00:11:36]} {[%emt 00:00:48]} Kb6 {[%clk
00:23:32]} {[%emt 00:00:22]} 50. Qf6+ {[%clk 00:10:50]} {[%emt 00:01:15]} Bd6
{[%clk 00:15:18]} {[%emt 00:08:44]} 51. Qd8+ {[%clk 00:10:11]} {[%emt
00:01:08]} Kb5 {[%clk 00:15:33]} {[%emt 00:00:15]} 52. Qd7+ {[%clk 00:09:18]}
{[%emt 00:01:22]} Kb6 {[%clk 00:13:03]} {[%emt 00:03:01]} 1/2-1/2